Zdravý sedliacky rozum káže spojiť sa
Rozdrobenosť sídelnej štruktúry a význam medziobecnej spolupráce. Autor vysvetľuje nevyhnutnosť združovania obcí do spoločných obecných úradov ako jednej z foriem medziobecnej spolupráce. Rozdrobenosť sídelnej štruktúry sa z hľadiska súčasných potrieb verejnej správy javí ako systémový problém - prí...
Gespeichert in:
| 1. Verfasser: | |
|---|---|
| Format: | Buchkapitel |
| Sprache: | Slowakisch |
| Schlagworte: | |
| Tags: |
Keine Tags, Fügen Sie das erste Tag hinzu!
|
MARC
| LEADER | 00000naa$a2200000$$$4500 | ||
|---|---|---|---|
| 001 | 0032113 | ||
| 005 | 20231016084548.9 | ||
| 041 | 0 | |a slo | |
| 044 | |a SK | ||
| 245 | 1 | 0 | |a Zdravý sedliacky rozum káže spojiť sa |c Dušan Tichý |
| 520 | |a Rozdrobenosť sídelnej štruktúry a význam medziobecnej spolupráce. Autor vysvetľuje nevyhnutnosť združovania obcí do spoločných obecných úradov ako jednej z foriem medziobecnej spolupráce. Rozdrobenosť sídelnej štruktúry sa z hľadiska súčasných potrieb verejnej správy javí ako systémový problém - príčiny. Priveľa malých obcí. Optimálna organizácia územnosprávnych jednotiek je jedným z hlavných faktorov úspešného dokončenia reformy verejnej správy. Spoločné obecné úrady. | ||
| 610 | 2 | 0 | |a obce |
| 610 | 2 | 0 | |a koncentrácia |
| 610 | 2 | 0 | |a úrady |
| 610 | 2 | 0 | |a osídlenie |
| 610 | 2 | 0 | |a Slovensko |
| 100 | 1 | |a Tichý, Dušan | |